Tutankhamun's Egypt /
Main Author:
Format: Book
Language: English
Published:
Princes Risborough, Buckinghamshire, UK :
Shire Publications,
1993.
Series:
Shire Egyptology ;
19.
ShirEgypt ;
19.
Subjects:
Tags: Add Tag
Call Number: DT57 .S25 v.19
| LEADER | 00931namaa2200301 4500 | ||
|---|---|---|---|
| 001 | 13334 | ||
| 003 | OSt | ||
| 005 | 20260422070520.0 | ||
| 008 | 130303s1993 enkab b 001 0 eng d | ||
| 020 | |a 0747801967 | ||
| 040 | |c ARCE Library | ||
| 043 | |a f-ua--- | ||
| 050 | 4 | |a DT57 .S25 v.19 | |
| 100 | 1 | |a Welsh, Frances, |d 1943-, |e author |9 42058 | |
| 245 | 1 | 0 | |a Tutankhamun's Egypt / |c Frances Welsh. |
| 264 | 1 | |a Princes Risborough, Buckinghamshire, UK : |b Shire Publications, |c 1993. | |
| 300 | |a 80 pages : |b illustrations, map ; |c 21 cm. | ||
| 490 | 1 | |a Shire Egyptology ; |v 19. | |
| 490 | 1 | |a ShirEgypt ; |v 19. | |
| 504 | |a Includes bibliographical references and index. | ||
| 600 | 0 | 0 | |a Tutankhamen, |c King of Egypt |x Tomb. |
| 600 | 0 | 0 | |a Tutankhamen, |c King of Egypt. |
| 651 | 0 | |a Egypt |x Antiquities. | |
| 830 | 0 | |a Shire Egyptology ; |v 19. | |
| 830 | 0 | |a ShirEgypt ; |v 19. | |
| 901 | |a reviewed | ||
| 942 | |c BK |2 lcc | ||
| 999 | |c 13234 |d 13234 | ||
